| 000 -LEADER |
| fixed length control field |
00284nam a2200109 4500 |
| 082 ## - DEWEY DECIMAL CLASSIFICATION NUMBER |
| Classification number |
SNT A99 R141 |
| 100 ## - MAIN ENTRY--PERSONAL NAME |
| Personal name |
Justin O'Bren |
| 9 (RLIN) |
50646 |
| 245 ## - TITLE STATEMENT |
| Title |
walking with a himalayan master Swami Rama |
| Statement of responsibility, etc |
by O'Bren, Justin |
| 260 ## - PUBLICATION, DISTRIBUTION, ETC. (IMPRINT) |
| Place of publication, distribution, etc |
Delhi |
| Name of publisher, distributor, etc |
Full Circle |
| Date of publication, distribution, etc |
2009 |
| 300 ## - PHYSICAL DESCRIPTION |
| Extent |
409p. |
| 942 ## - ADDED ENTRY ELEMENTS (KOHA) |
| Source of classification or shelving scheme |
|